00349nam a2200133Ia 4500008004100000082001900041100001700060245002800077250000600105260004000111300000800151630002800159730002800187100122s9999 xx 000 0 und d b11856a320.158 aSRIAUROBINDO aTHE IDEA OF HUMAN UNITY a0 bTHE SRI AUROBINDO LIBRARY INCc1950 a324 aTHE IDEA OF HUMAN UNITY aTHE IDEA OF HUMAN UNITY